000 00669nam a2200121Ia 4500
008 220620s9999||||xx |||||||||||||| ||und||
100 _aMerlin G. Butler (Ed.)
245 4 _aThe Identification of the Genetic Components of Autism Spectrum Disorders 2017
546 _aEnglish[eng]
650 _agenetic||treatment||genes||biomarkers||copy number variants and mutations||genetic factors||next generation DNA exome sequencing and functional analysis||autism and autism spectrum disorders||causation and etiology||reviews||neurodevelopment and physiology testing||syndromes||environmental risk factors
856 _uhttp://www.mdpi.com/books/pdfview/book/374
942 _cEB
999 _c29211
_d29211